Statistics for Airlines and their home countries

Click here to take the quiz!

General Stats

  • This quiz has been taken 389 times
  • The average score is 8 of 15

Answer Stats

Hint Answer % Correct
Virgin AtlanticGreat Britain
94%
KLMNetherlands
89%
AeroflotRussia
87%
ANAJapan
86%
JetstarAustralia
72%
Jagson AirlinesIndia
72%
SilkAirSingapore
57%
DragonairHong Kong
44%
Druk AirBhutan
30%
Caribbean AirlinesTrinidad and Tobago
29%
Thomas Cook AirlinesBelgium
24%
Jin AirSouth Korea
23%
Sawan AirlinesIraq
12%
Tiko AirMadagascar
6%

Score Distribution

Percentile by Number Answered

Percent of People with Each Score

Your Score History

You have not taken this quiz